<?xml version="1.0" encoding="UTF-8"?>
<record
    xmlns:xsi="http://www.w3.org/2001/XMLSchema-instance"
    xsi:schemaLocation="http://www.loc.gov/MARC21/slim http://www.loc.gov/standards/marcxml/schema/MARC21slim.xsd"
    xmlns="http://www.loc.gov/MARC21/slim">

  <leader>01055nam a2200253 a 4500</leader>
  <controlfield tag="001">80074</controlfield>
  <controlfield tag="003">BD-RjUL</controlfield>
  <controlfield tag="005">20220630164556.0</controlfield>
  <controlfield tag="008">220630s1953    ua       b    000 0barard</controlfield>
  <datafield tag="035" ind1=" " ind2=" ">
    <subfield code="a">(BD-RjUL)80074</subfield>
  </datafield>
  <datafield tag="040" ind1=" " ind2=" ">
    <subfield code="a">CU-SB</subfield>
    <subfield code="c">CU-SB</subfield>
    <subfield code="d">UkOxU</subfield>
    <subfield code="b">eng</subfield>
  </datafield>
  <datafield tag="041" ind1=" " ind2=" ">
    <subfield code="a">ara</subfield>
  </datafield>
  <datafield tag="082" ind1=" " ind2=" ">
    <subfield code="2">23</subfield>
    <subfield code="a">892.7109</subfield>
    <subfield code="b">DAS 1953</subfield>
  </datafield>
  <datafield tag="100" ind1="1" ind2=" ">
    <subfield code="a">&#x636;&#x64A;&#x641;,  &#x634;&#x648;&#x642;&#x64A; &#x1E0C;ayf, Shawq&#x12B;.</subfield>
    <subfield code="9">3981</subfield>
  </datafield>
  <datafield tag="245" ind1="1" ind2="0">
    <subfield code="a">Shawq&#x12B; :&#x634;&#x648;&#x642;&#x64A; :</subfield>
    <subfield code="b">[sh&#x101;&#x2BF;ir al-&#x2BF;a&#x1E63;r al-&#x1E25;ad&#x12B;th]   &#x634;&#x627;&#x639;&#x631; &#x627;&#x644;&#x639;&#x635;&#x631; &#x627;&#x644;&#x62D;&#x62F;&#x64A;&#x62B;   / /</subfield>
    <subfield code="c">[ta&#x2BC;l&#x12B;f Shawq&#x12B; &#x1E0C;ayf.]&#x62A;&#x623;&#x644;&#x64A;&#x641; &#x634;&#x648;&#x642;&#x64A; &#x636;&#x64A;&#x641;.</subfield>
  </datafield>
  <datafield tag="260" ind1=" " ind2=" ">
    <subfield code="a">al-Q&#x101;hirah :&#x627;&#x644;&#x642;&#x627;&#x647;&#x631;&#x629; :</subfield>
    <subfield code="b">D&#x101;r al-Ma&#x2BF;&#x101;rif,&#x62F;&#x627;&#x631; &#x627;&#x644;&#x645;&#x639;&#x627;&#x631;&#x641;&#x60C;</subfield>
    <subfield code="c">1953.</subfield>
  </datafield>
  <datafield tag="300" ind1=" " ind2=" ">
    <subfield code="a">285 p. :</subfield>
    <subfield code="b">facsims. ;</subfield>
    <subfield code="c">25 cm.</subfield>
  </datafield>
  <datafield tag="490" ind1="1" ind2=" ">
    <subfield code="a">[Maktabat al-dir&#x101;s&#x101;t al-adab&#x12B;yah] ;&#x645;&#x643;&#x62A;&#x628;&#x629; &#x627;&#x644;&#x62F;&#x631;&#x627;&#x633;&#x627;&#x62A; &#x627;&#x644;&#x623;&#x62F;&#x628;&#x64A;&#x629; &#x61B;</subfield>
    <subfield code="v">3</subfield>
  </datafield>
  <datafield tag="500" ind1=" " ind2=" ">
    <subfield code="a">"N&#x101;la h&#x101;dh&#x101; al-kit&#x101;b J&#x101;&#x2BC;izat al-Dawlah lil-Adab f&#x12B; sanat 1955 M."</subfield>
  </datafield>
  <datafield tag="504" ind1=" " ind2=" ">
    <subfield code="a">Includes bibliographical references.</subfield>
  </datafield>
  <datafield tag="600" ind1="1" ind2="0">
    <subfield code="a">Shawq&#x12B;, A&#x1E25;mad,</subfield>
    <subfield code="d">1868-1932.</subfield>
    <subfield code="9">3447</subfield>
  </datafield>
  <datafield tag="830" ind1=" " ind2="0">
    <subfield code="a">Maktabat al-dir&#x101;s&#x101;t al-adab&#x12B;yah ;</subfield>
    <subfield code="v">3</subfield>
    <subfield code="9">3982</subfield>
  </datafield>
  <datafield tag="942" ind1=" " ind2=" ">
    <subfield code="2">ddc</subfield>
    <subfield code="c">BK</subfield>
  </datafield>
  <datafield tag="999" ind1=" " ind2=" ">
    <subfield code="c">80074</subfield>
    <subfield code="d">80074</subfield>
  </datafield>
  <datafield tag="952" ind1=" " ind2=" ">
    <subfield code="0">0</subfield>
    <subfield code="1">0</subfield>
    <subfield code="2">ddc</subfield>
    <subfield code="4">0</subfield>
    <subfield code="7">1</subfield>
    <subfield code="8">NFIC</subfield>
    <subfield code="a">RUCL</subfield>
    <subfield code="b">RUCL</subfield>
    <subfield code="c">Reading</subfield>
    <subfield code="d">2022-06-30</subfield>
    <subfield code="l">0</subfield>
    <subfield code="o">A 892.7109 DAS 1953</subfield>
    <subfield code="r">2022-06-30 00:00:00</subfield>
    <subfield code="t">C-1</subfield>
    <subfield code="w">2022-06-30</subfield>
    <subfield code="y">BK</subfield>
  </datafield>
</record>
